| 000 | 00573nam a22002177a 4500 | ||
|---|---|---|---|
| 005 | 20170124110114.0 | ||
| 010 | _a476304 | ||
| 020 | _c00.00 | ||
| 035 | _a476304 | ||
| 037 | _bCen Lib/Ret | ||
| 040 |
_aDPL _bEN |
||
| 082 |
_aS _bNAI |
||
| 100 |
_aNaipaul, V. S. _928002 |
||
| 245 |
_aA flag on the island / _cby V.S. Naipaul |
||
| 260 |
_bAndre deutsch _aLondon _c1967 |
||
| 270 |
_bLondon _a105 Garet russel street |
||
| 300 |
_a235p. _c19cm(Hb) |
||
| 650 |
_aEnglish literature _9114175 |
||
| 650 |
_aEnglish short stories _928414 |
||
| 942 |
_2ddc _cEN _hS _mNAI |
||
| 999 |
_c130627 _d130627 |
||